|
|
|
|
| LEADER |
00000nas a2200000 a 4500 |
| 001 |
ssj0001627 |
| 003 |
WaSeSS |
| 005 |
20200512172242.0 |
| 006 |
m d |
| 007 |
cr n |
| 008 |
971110c19949999enkmx pss 0 0eng c |
| 010 |
|
|
|a 2007233711
|
| 015 |
|
|
|a GBA602924
|2 bnb
|
| 016 |
7 |
|
|a 013352087
|2 Uk
|
| 022 |
|
|
|a 1360-0508
|l 0968-7599
|y 0968-7599
|
| 035 |
|
|
|a (WaSeSS)ssj0001627
|
| 037 |
|
|
|b Carfax International Publishers, PO Box 25, Abingdon, Oxfordshire, OX14 3UE, UK
|
| 040 |
|
|
|a F#A
|b eng
|c F#A
|d OCL
|d OCLCQ
|d CGU
|d WAU
|d OCL
|d GUA
|d OCLCQ
|d UKMGB
|d OCLCQ
|d OCLCO
|d OCLCQ
|d OCLCF
|d OCLCO
|d OCLCQ
|d TSC
|d LGG
|d ILACE
|d OCLCO
|d OCLCA
|d NLE
|d OCLCA
|d DLC
|d U3W
|d OCLCO
|d AU@
|d CEF
|d OCLCO
|d WYU
|d OCLCO
|d OCLCA
|d SFB
|d OCLCA
|d WaSeSS
|
| 042 |
|
|
|a pcc
|
| 050 |
0 |
0 |
|a HV1551
|
| 082 |
0 |
4 |
|a 362.4
|
| 130 |
0 |
|
|a Disability & society (Online)
|
| 245 |
1 |
0 |
|a Disability & society
|h [electronic resource].
|
| 246 |
3 |
|
|a Disability and society
|
| 260 |
|
|
|a [Abingdon, Oxfordshire] :
|b Carfax International Publishers
|
| 310 |
|
|
|a Monthly,
|b 2014-
|
| 321 |
|
|
|a Seven issues a year
|
| 362 |
1 |
|
|a Began with vol. 9, no. 1 (1994).
|
| 500 |
|
|
|a Description based first issue; title from contents screen (Informaworld, viewed Oct. 1, 2007).
|
| 506 |
|
|
|a License restrictions may limit access.
|
| 538 |
|
|
|a Mode of access: World Wide Web.
|
| 588 |
|
|
|a Latest issue consulted: Volume 33, issue 2 (2018) (Taylor & Francis Online, viewed Jan. 12, 2018).
|
| 650 |
|
0 |
|a People with disabilities
|x Social conditions
|v Periodicals.
|
| 650 |
|
0 |
|a Special education
|v Periodicals.
|
| 650 |
|
0 |
|a Rehabilitation
|v Periodicals.
|
| 650 |
|
7 |
|a People with disabilities
|x Social conditions.
|2 fast
|0 (OCoLC)fst01057340
|
| 650 |
|
7 |
|a Rehabilitation.
|2 fast
|0 (OCoLC)fst01093291
|
| 650 |
|
7 |
|a Special education.
|2 fast
|0 (OCoLC)fst01128842
|
| 650 |
|
2 |
|a Disabled Persons.
|
| 650 |
|
2 |
|a Education, Special.
|
| 650 |
|
2 |
|a Rehabilitation.
|
| 655 |
|
0 |
|a Electronic journals.
|
| 776 |
0 |
8 |
|i Print version:
|t Disability & society
|x 0968-7599
|w (DLC) 94641435
|w (OCoLC)30087015
|
| 780 |
0 |
0 |
|t Disability, handicap & society (Online)
|w (DLC) 2005252403
|w (OCoLC)60456807
|
| 850 |
|
|
|a DLC
|
| 856 |
4 |
0 |
|z Full text available from Research Library: 06/01/1998 to 10/31/2000
|u https://search.proquest.com/publication/11434
|